000 00494nam a2200133 a 4500
008 120416s1970 ||||||||||||||||| || u
050 _aHM 24 Dor
100 _aDoreian, Patrick
245 1 0 _aMathematics and the study of social relations
260 _aLondon
_bWeidenfeld and Nicolson
_c1970
300 _aviii, 211p. : ill
350 _a0.00
995 _D0.00
_FCBU-MAIN LIBRARY (Kitwe)
_H1
_I0.00
_UAVAILABLE
_ZAnnex Low-Usage Collection
999 _c50692
_d50692